ENVIROMENTAL CHEMISTRY (Record no. 10021)
[ view plain ]
| 000 -LEADER | |
|---|---|
| fixed length control field | 00312nam a22001457a 4500 |
| 003 - CONTROL NUMBER IDENTIFIER | |
| control field | SGT |
| 082 ## - DEWEY DECIMAL CLASSIFICATION NUMBER | |
| Classification number | 540, KAU |
| 100 ## - MAIN ENTRY--PERSONAL NAME | |
| Personal name | KAUR, H |
| 245 ## - TITLE STATEMENT | |
| Title | ENVIROMENTAL CHEMISTRY |
| 250 ## - EDITION STATEMENT | |
| Edition statement | 10 |
| 260 ## - PUBLICATION, DISTRIBUTION, ETC. (IMPRINT) | |
| Place of publication, distribution, etc | NEW DELHI |
| Name of publisher, distributor, etc | PARGATI PRAKASHAN MEERUT |
| Year of Publication | 2016 |
| 300 ## - PAGE DESCRIPTION | |
| No. of Pages | 692 |
| 650 ## - SUBJECT ADDED ENTRY--TOPICAL TERM | |
| Topical term or geographic name as entry element | CHEMISTRY |
| 942 ## - ADDED ENTRY ELEMENTS (KOHA) | |
| Source of classification or shelving scheme | Dewey Decimal Classification |
| Koha item type | FPS Books |
| 942 ## - ADDED ENTRY ELEMENTS (KOHA) | |
| -- | 1 |
| Withdrawn status | Lost status | Source of classification or shelving scheme | Damaged status | Not for loan | Collection code | Home library | Current library | Shelving location | Date acquired | Vendor Name | Cost, normal purchase price | SGTU | Bill Number | Total Checkouts | Full call number | Accession No. (Barcode) | Date last seen | Date last borrowed | Bill Date | Koha item type |
|---|---|---|---|---|---|---|---|---|---|---|---|---|---|---|---|---|---|---|---|---|
| Dewey Decimal Classification | SCIENCE | SGT Science & Social Sciences Library | SGT Science & Social Sciences Library | Text Book | 25/11/2016 | PRAGATI PRAKASHAN | 520.00 | SGTU | 7099 | 10 | 540, KAU | PS2659 | 30/11/2019 | 18/11/2019 | 26/09/2016 | FPS Books | ||||
| Dewey Decimal Classification | SCIENCE | SGT Science & Social Sciences Library | SGT Science & Social Sciences Library | Text Book | 25/11/2016 | PRAGATI PRAKASHAN | 520.00 | SGTU | 7099 | 10 | 540, KAU | PS2660 | 30/11/2019 | 23/11/2019 | 26/09/2016 | FPS Books | ||||
| Dewey Decimal Classification | SCIENCE | SGT Science & Social Sciences Library | SGT Science & Social Sciences Library | Text Book | 25/11/2016 | PRAGATI PRAKASHAN | 520.00 | SGTU | 7099 | 9 | 540, KAU | PS2661 | 07/02/2023 | 27/01/2023 | 26/09/2016 | FPS Books | ||||
| Dewey Decimal Classification | SCIENCE | SGT Science & Social Sciences Library | SGT Science & Social Sciences Library | Text Book | 25/11/2016 | PRAGATI PRAKASHAN | 520.00 | SGTU | 7099 | 9 | 540, KAU | PS2662 | 30/11/2019 | 28/11/2019 | 26/09/2016 | FPS Books |